Normal view
MARC view
Entry Topical Term
001 - CONTROL NUMBER
- control field: 231795
003 - CONTROL NUMBER IDENTIFIER
- control field: OSt
005 - DATE AND TIME OF LATEST TRANSACTION
- control field: 20220925164938.0
008 - FIXED-LENGTH DATA ELEMENTS
- fixed length control field: 220925|| aca||aabn | a|a d
040 ## - CATALOGING SOURCE
- Original cataloging agency: OSt
- Transcribing agency: OSt
150 ## - HEADING--TOPICAL TERM
- Topical term or geographic name entry element: Top Management
670 ## - SOURCE DATA FOUND
- Source citation: Work cat.: (OSt)476136: Turner J Rodney Ed. 231794, Gower handbook of project management, 2000
